<?xml version="1.0" encoding="UTF-8"?>
<collection xmlns="http://www.loc.gov/MARC21/slim">
 <record>
  <leader>00409pamaa2200145   4500</leader>
  <controlfield tag="001">0000027645</controlfield>
  <controlfield tag="005">20100421090000.0</controlfield>
  <datafield tag="020" ind1="0" ind2="0">
   <subfield code="a">0126443750 </subfield>
  </datafield>
  <datafield tag="082" ind1=" " ind2=" ">
   <subfield code="a">005.756 SIM</subfield>
  </datafield>
  <datafield tag="090" ind1="0" ind2="0">
   <subfield code="a">QA76.9.D3 </subfield>
   <subfield code="b">SIM 1995</subfield>
  </datafield>
  <datafield tag="100" ind1="1" ind2="0">
   <subfield code="a">SIMOVICI </subfield>
  </datafield>
  <datafield tag="245" ind1="1" ind2="0">
   <subfield code="a">Relational database systems  </subfield>
   <subfield code="c">Dan A. Simovici and Richard L. Tenney.</subfield>
  </datafield>
  <datafield tag="260" ind1="0" ind2="0">
   <subfield code="a">San Diego: </subfield>
   <subfield code="b">Academic Press, </subfield>
   <subfield code="c">1995.</subfield>
  </datafield>
  <datafield tag="300" ind1=" " ind2=" ">
   <subfield code="a">xiv, 485p.; </subfield>
   <subfield code="c">24cm.</subfield>
  </datafield>
  <datafield tag="650" ind1="0" ind2="0">
   <subfield code="a">Database management </subfield>
  </datafield>
 </record>
</collection>
